Guarda parental releitura a partir do cuidado /

Detalles Bibliográficos
Autor principal: Costa Cruz, Elisa
Formato: eBook
Lenguaje:portugués
Publicado: Rio de Janeiro: Editora Processo, 2021
Materias:
Acceso en línea:Acceso restringido

MARC

LEADER 00000nam a22000007a 4500
005 20220812003117.0
007 cr|||| ||||
008 220812s2021 br |||||s|||| 00||0 por d
020 |a 9786589351580 
035 |a 36807 
040 |a vLex 
090 |c 13681  |d 13681 
100 1 |a Costa Cruz, Elisa 
245 1 0 |a Guarda parental  |h [Recurso electrn̤ico] :  |b releitura a partir do cuidado /  |c Elisa Costa Cruz 
256 |a Servicio en ln̕ea 
260 |a Rio de Janeiro:  |b Editora Processo,  |c 2021 
300 |a 1 recurso electrn̤ico 
500 |a Desde a promulgaȯ̂ da Constituiȯ̂ da Repb︢lica de 1988 a guarda foi analisada de duas formas principais no Direito das Faml̕ias: a primeira, com a releitura constitucional a partir da qual a guarda passou a ser entendida como responsabilidade parental exercida no interesse dos filhos; a segunda, a partir de 2008 e 2014 com a inclusô da guarda compartilhada no Cd̤igo Civil. Esse livro pretende dar inc̕io a uma terceira e nova discussô, sobre o conted︢o e significados da guarda. Busca-se mostrar que a guarda sempre esteve associada ̉posse da crianȧ ou adolescente, o que nô se revela compatv̕el com a doutrina da proteȯ̂ integral, e propor a ressignificaȯ̂ do instituto ̉luz do cuidado. 
506 1 |a Disponible solo en los productos indicados  |d vLex Global  |d vLex Global (Academic Edition, excluding Law Schools)  |d vLex Global (U.S. Academic Edition, Law Schools)  |d vLex Global (U.S. Academic Edition, excluding Law Schools)  |d vLex Global (Academic Edition, Law Schools) 
650 0 4 |a Derecho Civil  |z Brasil 
740 0 |a vLex Libros (Servicio en ln̕ea) 
856 4 0 |u https://app.vlex.com/#/sources/36807  |z Acceso restringido 
942 |c BOOK 
999 0 |a Civil Law